Länder Asiens - Sprachen - Statistiken

Allgemein
  • Dieses Quiz wurde 336 mal gespielt
  • Das Durchschnittsergebnis liegt bei 44 aus 64
Antwortstatistiken
Länder Sprachen % Korrekt
China Chinesisch
98%
Singapur Chinesisch
98%
Taiwan Chinesisch
98%
Bahrain Arabisch
97%
Irak Arabisch
97%
Israel Arabisch
97%
Jemen Arabisch
97%
Jordanien Arabisch
97%
Katar Arabisch
97%
Kuwait Arabisch
97%
Libanon Arabisch
97%
Oman Arabisch
97%
Saudi-Arabien Arabisch
97%
Syrien Arabisch
97%
Vereinigte Arabische Emirate Arabisch
97%
Japan Japanisch
94%
Nordkorea Koreanisch
94%
Südkorea Koreanisch
94%
Türkei Türkisch
94%
Türkisch
94%
Russisch
93%
Russisch
93%
Russland Russisch
93%
Tadschikistan Russisch
93%
Vietnam Vietnamesisch
86%
Armenien Armenisch
85%
Thailand Thai
85%
Mongolei Mongolisch
83%
Indien Englisch
81%
Pakistan Englisch
81%
Philippinen Englisch
81%
Englisch
81%
Indonesien Indonesisch
80%
Hindi
78%
Georgien Georgisch
75%
Usbekistan Usbekisch
74%
Paschtunisch
73%
Turkmenistan Turkmenisch
73%
Kasachstan Kasachisch
70%
Iran Persisch
69%
Aserbaidschan Aserbaidschanisch
68%
Zypern Griechisch
64%
Ivrit
63%
Tadschikisch
61%
Kirgisistan Kirgisisch
60%
Nepal Nepali
50%
Malaysia Malaysisch
49%
Laos Laotisch
47%
Bangladesch Bengalisch
44%
Tamil
42%
Tamil
42%
Urdu
39%
Filipino
35%
Kurdisch
35%
Kambodscha Khmer
34%
Osttimor Portugiesisch
33%
Brunei Malaiisch
29%
Malaiisch
29%
Myanmar Birmanisch
19%
Afghanistan Dari
19%
Bhutan Dzongkha
11%
Sri Lanka Sinhala
10%
Malediven Dhivehi
8%
Tetum
8%
Keine übereinstimmenden Quizze gefunden
Verteilung der Resultate
Anzahl Personen mit jedem Resultat
Perzentil nach korrekt beantworteten Fragen
Ihre Resultats-Entwicklung
Sie haben dieses Quiz noch nicht gespielt